<?xml version="1.0" encoding="UTF-8"?><?xml-stylesheet type="text/xsl" href="static/style.xsl"?><OAI-PMH xmlns="http://www.openarchives.org/OAI/2.0/" xmlns:xsi="http://www.w3.org/2001/XMLSchema-instance" xsi:schemaLocation="http://www.openarchives.org/OAI/2.0/ http://www.openarchives.org/OAI/2.0/OAI-PMH.xsd"><responseDate>2026-04-13T04:02:10Z</responseDate><request verb="GetRecord" identifier="oai:www.recercat.cat:2072/420574" metadataPrefix="marc">https://recercat.cat/oai/request</request><GetRecord><record><header><identifier>oai:recercat.cat:2072/420574</identifier><datestamp>2025-05-09T19:52:03Z</datestamp><setSpec>com_2072_98</setSpec><setSpec>col_2072_378196</setSpec></header><metadata><record xmlns="http://www.loc.gov/MARC21/slim" xmlns:dcterms="http://purl.org/dc/terms/" xmlns:xsi="http://www.w3.org/2001/XMLSchema-instance" xmlns:doc="http://www.lyncode.com/xoai" xsi:schemaLocation="http://www.loc.gov/MARC21/slim http://www.loc.gov/standards/marcxml/schema/MARC21slim.xsd">
   <leader>00925njm 22002777a 4500</leader>
   <datafield ind2=" " ind1=" " tag="042">
      <subfield code="a">dc</subfield>
   </datafield>
   <datafield ind2=" " ind1=" " tag="720">
      <subfield code="a">Torres Prats, Alberto</subfield>
      <subfield code="e">author</subfield>
   </datafield>
   <datafield ind2=" " ind1=" " tag="720">
      <subfield code="a">Universitat Autònoma de Barcelona. Departament de Cirurgia</subfield>
      <subfield code="e">author</subfield>
   </datafield>
   <datafield ind2=" " ind1=" " tag="720">
      <subfield code="a">Universitat Autònoma de Barcelona. Facultat de Medicina</subfield>
      <subfield code="e">author</subfield>
   </datafield>
   <datafield ind2=" " ind1=" " tag="260">
      <subfield code="c">2011</subfield>
   </datafield>
   <datafield ind2=" " ind1=" " tag="520">
      <subfield code="a">La formació de partícules de polietilè és la principal causa de osteòlisi i per tant de fracàs a l'artroplàstia total de genoll. El nostre objectiu és comparar, in vivo, el nombre de partícules que es formen amb un polietilè convencional amb un altament entrecreuat, esperant que el segon cas el nombre sigui més petit. Utilitzem una tècnica de aïllament de partícules en líquid sinovial ja descrita, que reproduïm a l'estudi preliminar. Presentem un protocol d'estudi prospectiu a doble cec, on s'estudiaran pacients amb artroplàstia de genoll d'un any d'evolució.</subfield>
   </datafield>
   <datafield ind2=" " ind1=" " tag="520">
      <subfield code="a">La formación de partículas de polietileno procedentes del desgaste de los componentes protésicos es principal causa de osteólisis y de fracaso en la artroplastia total de rodilla. Nuestro objetivo es comparar, in vivo, el número de partículas que se forman con un polietileno convencional y con otro altamente entrecruzado, esperando que en el segundo ese número sea significativamente menor. Usamos una técnica de aislamiento de partículas en líquido sinovial ya descrito, que reproducimos en el estudio preliminar. Presentamos un protocolo de estudio prospectivo aleatorizado a doble ciego, en el que se estudiarán pacientes con artroplastia de rodilla de un año de evolución.</subfield>
   </datafield>
   <datafield tag="653" ind2=" " ind1=" ">
      <subfield code="a">Genolls Cirurgia Complicacions</subfield>
   </datafield>
   <datafield ind2="0" ind1="0" tag="245">
      <subfield code="a">Cuantificación de las partículas de polietileno en líquido sinovial tras artroplastia total de rodilla, utilizando un polietileno convencional o uno altamente entrecruzado : estudio preliminar y protocolo de estudio</subfield>
   </datafield>
</record></metadata></record></GetRecord></OAI-PMH>